Deutsche Autoren nach Werken - Statistiken

Allgemein
  • Dieses Quiz wurde 354 mal gespielt
  • Das Durchschnittsergebnis liegt bei 9 aus 15
Antwortstatistiken
Werke Autor % Korrekt
- Der Erlkönig- Faust - Der Zauberlehrling Johann Wolfgang von Goethe
96%
- Emil und die Detektive- Das doppelte Lottchen - Das fliegende Klassenzimmer Erich Kästner
89%
- Maria Stuart- Ode an die Freude - Wilhelm Tell Friedrich Schiller
89%
- Momo- Die unendliche Geschichte - Jim Knopf und Lukas der Lokomotivführer Michael Ende
87%
- Die Verwandlung- Das Schloss - Das Urteil Franz Kafka
83%
- Der Besuch der alten Dame- Die Physiker - Der Richter und sein Henker Friedrich Dürrenmatt
73%
- Das Parfüm- Über Liebe und Tod - Die Geschichte von Herrn Sommer Patrick Süskind
66%
- Der Tod in Venedig- Der Zauberberg - Tristan Thomas Mann
66%
- Homo Faber- Mein Name sei Gantenbein - Stiller Max Frisch
64%
- Effi Briest- L'Adultera - Irrungen, Wirrungen Theodor Fontane
64%
- Tintenherz- Die Gespensterjäger - Die wilden Hühner Cornelia Funke
60%
- Bahnwärter Thiel- Die Weber - Der Bieberpelz Gerhart Hauptmann
29%
- Corpus Delicti- Leere Herzen - Spieltrieb Juli Zeh
29%
- Muh!- Mieses Karma - Miss Merkel: Mord in der Uckermark David Safier
16%
- Tiger Team- Tom Turbo - Alle meine Monster Thomas Brezina
12%
Keine übereinstimmenden Quizze gefunden
Verteilung der Resultate
Anzahl Personen mit jedem Resultat
Perzentil nach korrekt beantworteten Fragen
Ihre Resultats-Entwicklung
Sie haben dieses Quiz noch nicht gespielt